000
00239nam a2200109Ia 4500
008
190216s9999||||xx |||||||||||||| ||und||
100
_a
Swaminathan L
245
0
_a
Lectures On Costing
260
_b
Null
_c
1991
300
_a
471p
942
_c
BK
999
_c
5000
_d
5000